Uso moderno de las mayúsculas : Versión actualizada según las últimas normas de la Real Academia Española / Martha Virnigia Müller Delgado
সংরক্ষণ করুন:
| বিন্যাস: | গ্রন্থ |
|---|---|
| ভাষা: | Undetermined |
| প্রকাশিত: |
San José, Costa Rica
Editorial ICER
2002
|
| বিষয়গুলি: | |
| ট্যাগগুলো: |
ট্যাগ যুক্ত করুন
কোনো ট্যাগ নেই, প্রথমজন হিসাবে ট্যাগ করুন!
|
MARC
| LEADER | 00000nam a2200000Ia 4500 | ||
|---|---|---|---|
| 008 | 170316s9999 xx 000 0 und d | ||
| 090 | |a 415-E U-1u | ||
| 245 | |a Uso moderno de las mayúsculas : Versión actualizada según las últimas normas de la Real Academia Española / Martha Virnigia Müller Delgado | ||
| 260 | |a San José, Costa Rica | ||
| 260 | |b Editorial ICER | ||
| 260 | |c 2002 | ||
| 300 | |a 84 páginas | ||
| 650 | |a GRAMÁTICA ESPAÑOLA | ||
| 650 | |a USO DE LAS LETRAS MAYÚSCULAS | ||
| 650 | |a NOMBRES PROPIOS | ||
| 650 | |a LENGUAJE ADMINISTRATIVO | ||
| 650 | |a USO DE LAS LETRAS MINÚSCULAS | ||
| 650 | |a NOMBRES COMUNES | ||
| 999 | |c 19110 |d 19110 | ||
| 040 | |a cru BVZT | ||
| 942 | |c 15 D |h 415-E U-1u |2 z | ||
